000 00570nam a2200229 a 4500
001 nice12345678
003 IN_TiNIC
005 20260116012837.0
008 050524s1928 shia grs 000 0 06g
020 _a
_c100
082 0 0 _a220.59144
_bCBM
100 _aCalcutta Baptist Missionaries,
245 _aHoly Bible
260 _aShimla
_bIndian Institute
_c1928
500 _aincludes index and biblioraphy
505 2 _aIndexes
650 _aBible-English
700 1 _aCalcutta Baptist Missionaries,
902 _bSRS
942 _cPS
999 _c8611
_d8611